| 000 | 00628nam a2200193 i 4500 | ||
|---|---|---|---|
| 001 | 58097 | ||
| 003 | ES-MaACL | ||
| 005 | 20230906163727.0 | ||
| 007 | t| | ||
| 008 | 031021s1971 sp ||||1| spa d | ||
| 100 | 1 |
_aDownie, N. M. _945537 |
|
| 245 | 1 | 0 |
_aMétodos estadísticos aplicados / _cN.M. Downie, R.W. Heath ; [traducción y adaptación, J.P. Vilaplana, A. Gutiérrez Vázquez]. |
| 260 |
_aMadrid : _bDel Castillo, _c[1971] |
||
| 300 |
_a373 p. ; _c24 cm. |
||
| 700 | 1 |
_aHeath. R. W. _962252 |
|
| 700 | 1 |
_aVilaplana, J. P. _9114786 |
|
| 700 | 1 |
_aGutiérrez Vázquez, A. _961232 |
|
| 852 |
_aES-MaACL _jC-38065 _bR.76197 |
||
| 999 |
_c58097 _d58097 |
||